| 000 | 01240nam0a2200349 4500 | ||
|---|---|---|---|
| 001 | RU\NLR\bibl\154693 | ||
| 005 | 20260405152954.0 | ||
| 010 |
_a5-306-00036-3 _910000 |
||
| 021 |
_aRU _b2001-3221 _9167 |
||
| 035 | _a(NLR Aleph) 000151684 | ||
| 090 |
_a870667 _c870667 |
||
| 100 | _a20010326d2000 |||y0rusy50 ca | ||
| 101 | 0 | _arus | |
| 102 | _aRU | ||
| 105 | _aa ||||||||| | ||
| 200 | 1 |
_aОплетение бисером и шнуром _eБольшая кн. _fЕ.Г. Виноградова |
|
| 210 |
_aСПб. _cКристалл _d2000 |
||
| 215 |
_a190, [1] с. _cил. _d30 |
||
| 606 | 0 |
_aПлетение из бисера _92080103 _3RU\NLR\auth\661256017 |
|
| 606 | 0 |
_aПлетение из шнура _92096397 _3RU\NLR\auth\661268379 |
|
| 610 | 0 | _aБисерное рукоделие | |
| 675 |
_a746.5 _v3 _zrus |
||
| 686 |
_a18.31 _2rugasnti |
||
| 686 |
_a37.248 _2rubbk |
||
| 686 | _aМ484 | ||
| 700 | 1 |
_4070 _7ca _8rus _aВиноградова _bЕ. Г. _cавтор книг по рукоделию _gЕлена Григорьевна _946944 _3RU\NLR\auth\7764015 |
|
| 801 | 0 |
_aRU _bRKP _c20010326 _gPSBO |
|
| 801 | 1 |
_aRU _bRKP _c20010326 |
|
| 801 | 2 |
_aRU _bNLR _c20080423 _grcr |
|
| 942 | _cBOOK | ||
| 980 | _aNB | ||